000 00721nam a2200265Ia 4500
003 OSt
005 20220918164735.0
006 a|||||r|||| 00| 0
007 ta
008 220917b |||||||| |||| 00| 0 eng d
020 _a0745316913 (pbk)
024 _a155,942
037 _cTextual
040 _aARTS
_cARTS
_beng
041 _2eng
_aeng
082 _aV73:19491.N, P0
100 _aCooley John K.
_920415
245 0 _aUnholy wars
_b Afghanistan, America and international terrorism
250 _a2nd
260 _aLondon
_bPluto Press
_c2000
300 _axiii, 299 p.
_ccm.
650 _aHISTORY
942 _hV73:19491.N, P0
_cTEXL
_2CC
999 _c126291
_d126291